000 00425nam a2200181 a 4500
001 1756363578313
003 ACL
005 20250828121810.0
008 250828s2007##################000#0#eng##
020 _a9780714845418
082 0 4 _a759.13
_bWEL
100 1 _aWells, Walter,
_eauthor.
245 1 0 _aSilent Theater :
260 _bPhaidon Press,
_c2007.
650 0 _aArt.
942 _cENGLISH
040 _aACL
_beng
_cACL
999 _c584242
_d584242